000 00699nam a2200241 a 4500
999 _c9070
_d9070
001 9070
003 BD-JhCC
005 20180524102249.0
008 180308s1366 bg a|||| ||a| 000 0 ben d
035 _a(BD-JhCC)9070
040 _aBD-JhCC
_dBD-JhCC
041 _aben
082 _a629.442
_bRAH 1366
100 _aরহমান, শাহ ফজলুর
245 _aমহাশূন্যে অভিযান /
_cশাহ ফজলুর রহমান
260 _aঢাকা :
_bবাংলা একাডেমী,
_c1366.
300 _a166 P. :
_c22 cm.
650 _aSpace Station
650 _aSpace vehicles
650 _aRocket
942 _2ddc
_cBK